[Event "22nd Abu Dhabi Masters"]
[Site "Abu Dhabi UAE"]
[Date "2015.08.25"]
[Round "3.35"]
[White "Haussernot,C"]
[Black "Asgarizadeh,A"]
[Result "0-1"]
[WhiteTitle "WFM"]
[BlackTitle "IM"]
[WhiteElo "2087"]
[BlackElo "2407"]
[WhiteFideId "601632"]
[BlackFideId "12505684"]
[EventDate "2015.08.23"]

1. e4 c5 2. Nf3 e6 3. d4 cxd4 4. Nxd4 a6 5. Nc3 Qc7 6. f4 b5 7. Bd3 Bb7 8. Qe2
Nc6 9. Nxc6 Qxc6 10. Bd2 Bc5 11. O-O-O Ne7 12. a3 O-O 13. Rhf1 f5 14. Kb1 Rae8
15. g4 d5 16. gxf5 exf5 17. e5 d4 18. Na2 Qe6 19. Rg1 Nd5 20. Rg5 Ne3 21. Rdg1
Re7 22. Qh5 Be4 23. Bxe4 fxe4 24. Bxe3 dxe3 25. f5 Qxe5 26. f6 Qxf6 27. Rxc5 Qf2
28. Qg5 h6 29. Qd5+ Kh8 30. Rc1 e2 31. Qd6 e1=Q 32. Qxe7 Qee3 33. Re5 Qff4 34.
Rd1 Qf6 35. Qxf6 Rxf6 36. Nc3 Qf4 37. Re8+ Rf8 38. Nd5 Qf3 0-1

[Event "22nd Abu Dhabi Masters"]
[Site "Abu Dhabi UAE"]
[Date "2015.08.25"]
[Round "3.37"]
[White "Gaponenko,I"]
[Black "Godbole,A"]
[Result "1-0"]
[WhiteTitle "IM"]
[WhiteElo "2402"]
[BlackElo "2061"]
[WhiteFideId "14101181"]
[BlackFideId "5059550"]
[EventDate "2015.08.23"]

1. e4 e5 2. Nf3 Nc6 3. Bb5 a6 4. Ba4 Nf6 5. O-O Nxe4 6. d4 b5 7. Bb3 d5 8. dxe5
Be6 9. Qe2 Be7 10. Rd1 O-O 11. c4 bxc4 12. Bxc4 Nb8 13. Nc3 Nxc3 14. bxc3 c6 15.
Bd3 Qc8 16. Nd4 c5 17. Nxe6 Qxe6 18. c4 Nd7 19. f4 d4 20. Be4 Rad8 21. Bd5 Qg6
22. g4 Qh6 23. Rb1 Kh8 24. Rb7 Qh4 25. Kg2 f5 26. g5 Rfe8 27. Bf7 Ra8 1-0

[Event "22nd Abu Dhabi Masters"]
[Site "Abu Dhabi UAE"]
[Date "2015.08.25"]
[Round "3.38"]
[White "Muradli,Mahammad"]
[Black "Siva,Mahadevan"]
[Result "1/2-1/2"]
[WhiteTitle "CM"]
[WhiteElo "2027"]
[BlackElo "2401"]
[WhiteFideId "13409301"]
[BlackFideId "25043153"]
[EventDate "2015.08.23"]

1. d4 d5 2. Nf3 c6 3. c4 Nf6 4. Nc3 e6 5. Bg5 h6 6. Bxf6 Qxf6 7. e3 Nd7 8. Bd3
dxc4 9. Bxc4 g6 10. e4 e5 11. O-O Bg7 12. d5 O-O 13. h3 Rd8 14. Qe2 Nb6 15. Bb3
Bd7 16. Rfd1 Rac8 17. Rac1 h5 18. Qe3 c5 19. a4 c4 20. Bc2 Bf8 21. a5 Bc5 22.
Qe2 Na8 23. Ba4 b6 24. Bxd7 Rxd7 25. Na4 Rdc7 26. Nxc5 Rxc5 27. d6 Qe6 28. Rd5
Rxd5 29. exd5 Qxd6 30. Qxe5 Qxe5 31. Nxe5 bxa5 32. Nc6 1/2-1/2

[Event "22nd Abu Dhabi Masters"]
[Site "Abu Dhabi UAE"]
[Date "2015.08.25"]
[Round "3.39"]
[White "Anand,N"]
[Black "Rohan,A"]
[Result "0-1"]
[WhiteTitle "FM"]
[BlackTitle "FM"]
[WhiteElo "2025"]
[BlackElo "2389"]
[WhiteFideId "25009141"]
[BlackFideId "5090598"]
[EventDate "2015.08.23"]

1. d4 Nf6 2. c4 g6 3. Nc3 d5 4. cxd5 Nxd5 5. Bd2 Bg7 6. e4 Nb6 7. Be3 O-O 8. Bb5
Be6 9. h4 c6 10. Be2 Nc4 11. Bxc4 Bxc4 12. h5 e5 13. Nf3 exd4 14. Nxd4 Nd7 15.
Nf3 Qa5 16. Bd4 Nc5 17. Bxg7 Nd3+ 18. Qxd3 Bxd3 19. Bxf8 Rxf8 20. O-O-O Bc4 21.
hxg6 hxg6 22. e5 f6 23. Rh4 Bd5 24. Nxd5 cxd5 25. Kb1 fxe5 26. Rdh1 Kf7 27.
Nxe5+ Ke6 28. f4 Qd2 29. Nf3 Qxg2 30. Ng5+ Kd6 31. Rh6 Rg8 32. Nf7+ Ke6 33. Ne5
Qe4+ 34. Ka1 d4 35. Rf1 d3 36. Rxg6+ Rxg6 37. Nxg6 d2 0-1

[Event "22nd Abu Dhabi Masters"]
[Site "Abu Dhabi UAE"]
[Date "2015.08.25"]
[Round "3.40"]
[White "Zayed,A"]
[Black "Tissir,M"]
[Result "0-1"]
[BlackTitle "IM"]
[WhiteElo "2006"]
[BlackElo "2351"]
[WhiteFideId "9303340"]
[BlackFideId "9000240"]
[EventDate "2015.08.23"]

1. e4 d5 2. exd5 Qxd5 3. Nc3 Qa5 4. d4 c6 5. Nf3 Nf6 6. Ne5 Be6 7. Be2 g6 8. O-O
Bg7 9. Be3 O-O 10. Bf3 Rd8 11. Qe2 Nbd7 12. Nd3 Bc4 13. Rfd1 e5 14. Qe1 exd4 15.
Bxd4 Nb6 16. Qe5 Qxe5 17. Nxe5 Be6 18. Bc5 Nfd5 19. Nxd5 Bxe5 20. Nxb6 axb6 21.
Rxd8+ Rxd8 22. Be3 Ra8 23. c3 b5 24. a3 b4 25. cxb4 Bxb2 26. Rb1 Rxa3 27. Bh6
Rb3 28. Rd1 Bf6 29. Bd2 Be7 30. h4 h5 31. Ra1 Bxb4 32. Bg5 Kg7 33. Ra8 Bc5 34.
Ra5 Rb1+ 35. Kh2 Bxf2 36. Be4 Rb4 37. Bf3 Bxh4 38. Bd2 Rb3 0-1

[Event "22nd Abu Dhabi Masters"]
[Site "Abu Dhabi UAE"]
[Date "2015.08.25"]
[Round "3.41"]
[White "Sultan,I"]
[Black "Kowsarinia,A"]
[Result "1/2-1/2"]
[WhiteTitle "FM"]
[BlackTitle "FM"]
[WhiteElo "1983"]
[BlackElo "2332"]
[WhiteFideId "9301143"]
[BlackFideId "12500089"]
[EventDate "2015.08.23"]

1. d4 d5 2. c4 e6 3. Nc3 c5 4. cxd5 exd5 5. Nf3 Nc6 6. Be3 cxd4 7. Nxd4 Nf6 8.
g3 Be7 9. Bg2 O-O 10. O-O Be6 11. Nxc6 bxc6 12. Na4 Qa5 13. Rc1 Rfc8 14. Bc5
Bxc5 15. Rxc5 Qa6 16. b3 Bf5 17. Qd2 Re8 18. e3 Ne4 19. Bxe4 Bxe4 20. f3 Bf5 21.
Rfc1 Rac8 22. Kf2 Qb7 23. Qd4 Qd7 24. Nc3 Qd6 25. Ne2 g5 26. Qd2 Bd7 27. Nd4 Re5
28. R1c3 f5 29. Qc1 f4 30. exf4 gxf4 31. Nxc6 fxg3+ 32. hxg3 Rh5 33. Qf4 Qxf4
34. gxf4 Re8 35. Nd4 Re7 36. a4 Rg7 37. f5 Rh2+ 38. Ke3 Re7+ 39. Kd3 Re5 40. Rc7
Bxf5+ 41. Nxf5 Rxf5 42. Ke3 Rh3 43. Kf2 a5 44. Ra7 Rf8 45. Rxa5 Rh2+ 46. Kg3 Rd2
47. Ra7 Rd1 48. Rd7 h5 49. Kf2 Rd2+ 50. Ke3 Rd1 51. Ke2 Rd4 52. Rcc7 Re8+ 53.
Re7 Rxe7+ 54. Rxe7 Rb4 55. Re3 Kf7 56. Kd2 d4 57. Rd3 Ke6 58. Kc2 Ke5 59. Kb2
Rb8 60. Ka3 h4 61. Rd1 h3 62. Re1+ Kd5 63. f4 h2 64. Re5+ Kc6 65. Rh5 Rf8 66.
Rxh2 Rxf4 67. Kb4 Kd5 68. a5 Rf8 69. Rh5+ Ke4 70. a6 d3 71. Rh4+ Ke3 72. Rh3+
Ke2 73. Rh2+ Ke3 74. Rh3+ Ke2 75. Rh7 Rb8+ 76. Ka4 d2 77. Re7+ Kd3 78. Rd7+ Kc3
79. Rc7+ Kb2 80. Rd7 Kc3 81. Rxd2 Kxd2 82. b4 Kc3 83. b5 Kc4 84. a7 Rh8 85. b6
Rh1 86. Ka3 Kc3 87. Ka4 Kc4 88. Ka3 Kc3 89. Ka2 Rh2+ 90. Ka1 Rh1+ 91. Ka2 Rh2+
92. Ka1 Rh1+ 93. Ka2 Rh2+ 1/2-1/2

[Event "22nd Abu Dhabi Masters"]
[Site "Abu Dhabi UAE"]
[Date "2015.08.25"]
[Round "3.42"]
[White "Bulmaga,I"]
[Black "Derakhshani,Borna"]
[Result "1-0"]
[WhiteTitle "IM"]
[BlackTitle "CM"]
[WhiteElo "2393"]
[BlackElo "2016"]
[WhiteFideId "13903063"]
[BlackFideId "12518450"]
[EventDate "2015.08.23"]

1. e4 e5 2. Nf3 Nc6 3. Bb5 a6 4. Ba4 Nge7 5. O-O g6 6. c3 b5 7. Bc2 Bg7 8. d4 d6
9. h3 O-O 10. a4 Bb7 11. d5 Na7 12. b3 h6 13. c4 f5 14. Be3 bxc4 15. bxc4 f4 16.
Bc1 g5 17. c5 Bc8 18. Nh2 Qe8 19. Ba3 Qg6 20. f3 h5 21. Nd2 Bd7 22. Rb1 Nac8 23.
c6 Nxc6 24. dxc6 Bxc6 25. Nc4 Ne7 26. Na5 Bd7 27. Rb7 Rfc8 28. Bxd6 Qxd6 29.
Qxd6 cxd6 30. Bb3+ Kh7 31. Rxd7 Ng6 32. Rd1 Rc5 33. Nb7 Rc3 34. Bd5 Rb8 35. Rxd6
Nh4 36. Nf1 Rc2 37. Rd2 Rbc8 38. Rd7 Rc1 39. Nd6 R8c2 40. Rxc2 Rxc2 41. Ne8
Rxg2+ 42. Kh1 Rf2 43. Bc4 Rxf3 44. Rxg7+ Kh6 45. Kh2 Rc3 46. Bxa6 Nf3+ 47. Kg2
Nh4+ 48. Kf2 Rxh3 49. Rg8 Ra3 50. Nd6 Nf3 51. Nf5+ Kh7 52. Bc4 Rc3 53. Rg7+ Kh8
54. Be2 g4 55. Bxf3 Rxf3+ 56. Kg1 Ra3 57. Ra7 Ra2 58. a5 g3 59. N1xg3 1-0

[Event "22nd Abu Dhabi Masters"]
[Site "Abu Dhabi UAE"]
[Date "2015.08.25"]
[Round "3.43"]
[White "Ahmad,Al Khatib"]
[Black "Kulkarni,R"]
[Result "0-1"]
[WhiteElo "2138"]
[BlackElo "2368"]
[WhiteFideId "8103178"]
[BlackFideId "5037077"]
[EventDate "2015.08.23"]

1. Nf3 Nf6 2. g3 c5 3. Bg2 g6 4. O-O Bg7 5. d3 O-O 6. Nbd2 Nc6 7. e4 d6 8. a4
Rb8 9. Nc4 a6 10. e5 Ne8 11. exd6 exd6 12. Bg5 Qc7 13. Qd2 Be6 14. Bh6 b5 15.
Bxg7 Nxg7 16. axb5 axb5 17. Ne3 Nf5 18. Ng5 Ncd4 19. Nd5 Qd8 20. h4 h6 21. Nxe6
fxe6 22. Nf4 Nxh4 23. gxh4 Rxf4 24. c3 Nf3+ 25. Bxf3 Rxf3 26. Qxh6 Rb7 27. Rfe1
e5 28. d4 Rf4 29. dxe5 Rxh4 30. Qe3 dxe5 31. Qxe5 Rg4+ 32. Kf1 Qd3+ 33. Re2 Qh3+
34. Ke1 Rg1+ 35. Kd2 Qd7+ 36. Kc2 Rxa1 37. Kb3 c4+ 38. Kb4 Ra4+ 39. Kc5 Rc7+ 40.
Kb6 Qc6# 0-1

[Event "22nd Abu Dhabi Masters"]
[Site "Abu Dhabi UAE"]
[Date "2015.08.25"]
[Round "3.44"]
[White "Nuber,B"]
[Black "Sindarov,Javokhir"]
[Result "0-1"]
[WhiteTitle "FM"]
[BlackTitle "CM"]
[WhiteElo "2339"]
[BlackElo "2198"]
[WhiteFideId "24620289"]
[BlackFideId "14205483"]
[EventDate "2015.08.23"]

1. e4 d6 2. d4 Nf6 3. Bd3 e5 4. Ne2 Be7 5. O-O O-O 6. c4 Nc6 7. d5 Nb4 8. Nbc3
Nxd3 9. Qxd3 c6 10. f3 Qb6+ 11. Kh1 Nd7 12. Rb1 Re8 13. Be3 Qc7 14. b4 Nf6 15.
Nc1 a5 16. a3 a4 17. Rf2 cxd5 18. cxd5 Bd7 19. Rc2 Rec8 20. b5 Qa5 21. Rb4 Qc7
22. N1a2 Qd8 23. Rcb2 Nh5 24. Nxa4 Bg5 25. Bg1 Bc1 26. Nxc1 Rxc1 27. Qe3 Rac8
28. g3 Qf6 29. Rb1 Bh3 30. Rxc1 Rxc1 31. Rb3 Rf1 32. Rc3 h6 33. Nb2 Qg6 34. Nc4
Nf4 35. Rc2 Nxd5 36. Qd3 Nf4 37. Qxd6 Bg4 38. Nxe5 Bxf3+ 39. Nxf3 Qxd6 0-1

[Event "22nd Abu Dhabi Masters"]
[Site "Abu Dhabi UAE"]
[Date "2015.08.25"]
[Round "3.45"]
[White "Oganisjn,R"]
[Black "Ayyad,H"]
[Result "1-0"]
[WhiteTitle "FM"]
[BlackTitle "FM"]
[WhiteElo "2328"]
[BlackElo "2162"]
[WhiteFideId "4153006"]
[BlackFideId "11200243"]
[EventDate "2015.08.23"]

1. d4 Nf6 2. c4 e6 3. Nc3 d5 4. Nf3 Nbd7 5. Bf4 c6 6. e3 Nh5 7. Be5 Nxe5 8. dxe5
g6 9. a3 Be7 10. Qc2 O-O 11. g4 Ng7 12. h4 dxc4 13. Bxc4 b5 14. Bd3 b4 15. axb4
Bb7 16. Be4 Qb6 17. h5 c5 18. bxc5 Bxe4 19. Nxe4 Qb4+ 20. Nfd2 Rfd8 21. Ra4 Qb7
22. hxg6 fxg6 23. c6 Qc7 24. Nf6+ Bxf6 25. exf6 Ne8 26. g5 Qf7 27. Nf3 Rd5 28.
e4 Rb5 29. Rd4 Nxf6 30. gxf6 Qxf6 31. c7 Rc8 32. Qc6 Rxb2 33. Rd8+ Rxd8 34.
Qxe6+ 1-0

[Event "22nd Abu Dhabi Masters"]
[Site "Abu Dhabi UAE"]
[Date "2015.08.25"]
[Round "3.46"]
[White "Ayyad,M"]
[Black "Soumya,Sw"]
[Result "1/2-1/2"]
[WhiteTitle "FM"]
[BlackTitle "WGM"]
[WhiteElo "2122"]
[BlackElo "2325"]
[WhiteFideId "11200235"]
[BlackFideId "5016193"]
[EventDate "2015.08.23"]

1. d4 Nf6 2. Nf3 g6 3. g3 Bg7 4. Bg2 O-O 5. O-O d5 6. c4 dxc4 7. Nc3 Nc6 8. d5
Nb4 9. Ne5 c6 10. dxc6 Nxc6 11. Nxc6 bxc6 12. Qa4 Be6 13. Qxc6 Rb8 14. Qa4 a5
15. Qc2 Qb6 16. Rb1 Rfd8 17. Bf4 Rbc8 18. Rbd1 Bf5 19. e4 Bg4 20. Rxd8+ Rxd8 21.
Be3 Qc7 22. Rc1 Qe5 23. h3 Be6 24. Rd1 Rc8 25. Qe2 Qb8 26. Rd2 Nd7 27. Nd5 Bxd5
28. exd5 Ne5 29. Bf4 Qd6 30. Rc2 Qf6 31. Bxe5 Qxe5 32. Qxe5 Bxe5 33. Bf1 Rb8 34.
Bxc4 Bxb2 35. Bb3 Ba3 36. Kg2 Bd6 37. Kf3 Kg7 38. Rc4 Rb4 39. Ke4 1/2-1/2

[Event "22nd Abu Dhabi Masters"]
[Site "Abu Dhabi UAE"]
[Date "2015.08.25"]
[Round "3.47"]
[White "Hernandez,Alex"]
[Black "Yashas,D"]
[Result "0-1"]
[WhiteTitle "FM"]
[WhiteElo "2302"]
[BlackElo "2135"]
[WhiteFideId "3900452"]
[BlackFideId "5030196"]
[EventDate "2015.08.23"]

1. Nf3 Nf6 2. c4 e6 3. Nc3 d5 4. d4 Be7 5. Bf4 c6 6. e3 Nbd7 7. Be2 dxc4 8. Bxc4
b5 9. Bd3 a6 10. O-O Bb7 11. Qc2 c5 12. Ng5 cxd4 13. exd4 Nh5 14. Nh3 Nxf4 15.
Nxf4 Nf6 16. Rfd1 Bd6 17. Nfe2 O-O 18. Ne4 Bxh2+ 19. Kf1 Bxe4 20. Bxe4 Rc8 21.
Qd3 Nxe4 22. Qxe4 Bb8 23. Rd3 h6 24. a4 bxa4 25. Rxa4 Qb6 26. b3 Qb5 27. d5 exd5
28. Qxd5 Qb6 29. Qa5 Qg6 30. Qxa6 Qh5 31. f3 Rc2 32. Rc4 Rb2 33. Rc8 Qh1+ 34.
Kf2 Ba7+ 35. Kg3 Bb8+ 36. Kf2 Qh4+ 37. Ke3 Qe7+ 38. Kd4 Qd7+ 39. Kc3 Be5+ 40.
Nd4 Rxc8+ 41. Kxb2 Bxd4+ 42. Kb1 Qc7 0-1

[Event "22nd Abu Dhabi Masters"]
[Site "Abu Dhabi UAE"]
[Date "2015.08.25"]
[Round "3.48"]
[White "Laabi Chian,M"]
[Black "Mansour,Sam"]
[Result "0-1"]
[BlackTitle "FM"]
[WhiteElo "2087"]
[BlackElo "2292"]
[WhiteFideId "12500224"]
[BlackFideId "8100144"]
[EventDate "2015.08.23"]

1. d4 g6 2. e4 Bg7 3. c4 d6 4. Nc3 Nf6 5. Be2 O-O 6. Bg5 c5 7. d5 e6 8. Qd2 exd5
9. exd5 Qb6 10. Rc1 Re8 11. Nf3 Bf5 12. O-O Ne4 13. Nxe4 Bxe4 14. b3 a5 15. Bh6
Bxf3 16. Bxg7 Bxe2 17. Ba1 Nd7 18. Rfe1 Bh5 19. Qh6 f6 20. h3 Qc7 21. g4 Ne5 22.
Bxe5 fxe5 23. gxh5 Qg7 24. Qxg7+ Kxg7 25. hxg6 hxg6 26. a4 Rh8 27. Rc3 Raf8 28.
Kg2 Rf4 29. Ree3 Kf6 30. Rg3 Kf5 31. Rce3 g5 32. Re1 Rhh4 33. Re2 Rd4 34. Ree3
Rd2 35. Rd3 Rb2 36. Rdf3+ Rf4 37. h4 g4 38. Rxf4+ exf4 0-1

[Event "22nd Abu Dhabi Masters"]
[Site "Abu Dhabi UAE"]
[Date "2015.08.25"]
[Round "3.49"]
[White "Heydarli,K"]
[Black "Mokal,Amruta Sunil"]
[Result "1/2-1/2"]
[WhiteTitle "IM"]
[WhiteElo "2256"]
[BlackElo "2123"]
[WhiteFideId "13404423"]
[BlackFideId "5016371"]
[EventDate "2015.08.23"]

1. d4 Nf6 2. Nf3 e6 3. b3 c5 4. e3 Nc6 5. Bd3 d5 6. O-O Bd6 7. Bb2 O-O 8. Nbd2
Qc7 9. c4 Qe7 10. Rc1 cxd4 11. exd4 Ba3 12. Qc2 Rd8 13. Rfe1 g6 14. Ne5 Bxb2 15.
Qxb2 dxc4 16. Nxc6 bxc6 17. Bxc4 a5 18. Nf3 Ba6 19. Ne5 Rd6 20. Qa3 Qd8 21. Qc5
Bxc4 22. bxc4 Rc8 23. Rb1 Qc7 24. Nf3 Nd7 25. Qg5 c5 26. d5 exd5 27. cxd5 c4 28.
Nd4 Qd8 29. Qxd8+ Rxd8 30. Nc6 Ra8 31. Rb5 Nf6 32. Rc1 Kf8 33. Rxc4 Rxd5 34.
Rxd5 Nxd5 35. Rc5 Nb4 36. Nxb4 axb4 37. Rb5 Rxa2 38. g4 Ra1+ 39. Kg2 Rb1 40. Rb7
b3 41. g5 Ke8 42. h4 b2 43. Rb8+ Ke7 44. Rb7+ Kd6 45. Rb6+ Kc7 46. Rb3 Kc6 47.
Rb8 Kc5 48. f3 Kd4 49. Rb7 Kd3 50. Rd7+ Ke3 51. Re7+ Kd4 52. Rb7 Kd5 53. Rb8 Ke5
54. Rb6 Kf4 55. Rb4+ Ke5 56. Rb7 Ke6 57. Rb6+ Ke7 58. Rb8 Kd7 59. Rb7+ Ke8 60.
Rb8+ Ke7 61. Rb7+ Kf8 62. Rb6 Kg7 63. Rb7 h6 64. Rb8 Kh7 65. Rb7 Kg7 66. Rb8 Kh7
67. Rb7 hxg5 68. hxg5 Kg8 69. Rb8+ Kg7 70. Rb5 Kf8 71. Rb8+ Ke7 72. Rb6 Kd7 73.
Rb3 Kc6 74. Rb8 Kd5 75. Rb5+ Kc6 76. Rb8 Kd6 77. Rb5 Ke6 78. Rb7 Ke5 79. Re7+
Kd6 80. Rb7 Kc6 81. Rb8 Kc5 82. Rb7 Kd4 83. Rd7+ Kc3 84. Rc7+ Kd3 85. Rd7+ Kc2
86. Rc7+ Kd2 87. Rd7+ Ke3 88. Re7+ Kd4 89. Rb7 1/2-1/2

[Event "22nd Abu Dhabi Masters"]
[Site "Abu Dhabi UAE"]
[Date "2015.08.25"]
[Round "4.1"]
[White "Jobava,Ba"]
[Black "Salem,AR"]
[Result "1/2-1/2"]
[WhiteTitle "GM"]
[BlackTitle "GM"]
[WhiteElo "2664"]
[BlackElo "2595"]
[WhiteFideId "13601520"]
[BlackFideId "9301348"]
[EventDate "2015.08.23"]

1. c4 c5 2. Nc3 g6 3. g3 Bg7 4. Bg2 Nc6 5. Nf3 d6 6. O-O e6 7. a3 Nge7 8. b4 O-O
9. Rb1 b6 10. Bb2 cxb4 11. axb4 Nxb4 12. Ne4 Bxb2 13. Rxb2 Nec6 14. Qa1 e5 15.
d4 Bf5 16. Nfd2 a5 17. d5 Nd4 18. e3 Bxe4 19. Nxe4 Nf5 20. Qa3 Rc8 21. Rxb4 axb4
22. Qxb4 Qc7 23. g4 Nh4 24. Nxd6 Rcd8 25. Ne4 h6 26. d6 Qc8 27. Nf6+ Kg7 28. d7
Rxd7 29. Nxd7 Qxd7 30. h3 h5 31. Qb2 Nxg2 32. Qxe5+ f6 33. Qg3 hxg4 34. hxg4 Rc8
35. Qxg2 Rxc4 36. f4 Qe7 37. Qd2 Qe6 38. Qe2 b5 39. Qf3 b4 40. Rb1 Qe7 41. Rb2
Rc3 42. Kf2 b3 43. Rd2 g5 44. fxg5 fxg5 45. Ke2 Qc7 46. Qe4 Rc2 47. Qd4+ Kg6 48.
Qe4+ Kh6 49. Rxc2 bxc2 50. Qh1+ Kg7 51. Kd2 1/2-1/2

[Event "22nd Abu Dhabi Masters"]
[Site "Abu Dhabi UAE"]
[Date "2015.08.25"]
[Round "4.2"]
[White "Belous,V"]
[Black "Grandelius,N"]
[Result "0-1"]
[WhiteTitle "GM"]
[BlackTitle "GM"]
[WhiteElo "2566"]
[BlackElo "2628"]
[WhiteFideId "4174003"]
[BlackFideId "1710400"]
[EventDate "2015.08.23"]

1. d4 Nf6 2. c4 e6 3. Nf3 d5 4. g3 Bb4+ 5. Bd2 Bd6 6. Bg2 c6 7. Nc3 Nbd7 8. O-O
dxc4 9. Bg5 O-O 10. Ne4 Be7 11. Nxf6+ Bxf6 12. Bxf6 Qxf6 13. Qc2 e5 14. Qxc4 Nb6
15. Qb4 exd4 16. Nxd4 Be6 17. Nxe6 Qxe6 18. a4 Rab8 19. e3 Nc4 20. Rfd1 g6 21.
b3 Ne5 22. Rd6 Qf5 23. Rad1 Rfe8 24. Qc3 Ng4 25. Qb2 Ne5 26. Qe2 Re6 27. R6d4
Ree8 28. h3 g5 29. Rd6 Re6 30. Qh5 h6 31. e4 Qf6 32. R6d2 Kg7 33. Rf1 Rd8 34.
Rxd8 Qxd8 35. f4 gxf4 36. gxf4 Nd3 37. Kh1 Qd4 38. Qf3 Rf6 39. f5 Kf8 40. Qg3
Rd6 41. f6 Ne5 42. h4 h5 43. Qg7+ Ke8 44. a5 Ng6 45. Qg8+ Nf8 46. Qg5 Ng6 47. a6
bxa6 48. Qf5 Re6 49. Qxh5 Rxf6 50. Rd1 Qf2 51. Qg5 Qxh4+ 52. Qxh4 Nxh4 53. Bh3
Nf3 54. Ra1 Nd4 55. Rxa6 Rf3 56. Kg2 Rxb3 57. Rxa7 Re3 58. Bd7+ Kf8 59. Ra4 c5
60. Rc4 Re2+ 61. Kf1 Rc2 62. Rxc2 Nxc2 63. Ke2 Ke7 64. Bg4 Kd6 65. Kd3 Nd4 66.
Kc4 Nc6 67. Be2 f6 68. Bf1 Ne5+ 69. Kb5 Nf3 70. Bd3 Nd2 71. Bc2 Nf3 72. Bd3 Nd4+
73. Kc4 Kc6 74. Bf1 Nf3 75. Kd3 Ne5+ 76. Kc3 Kc7 77. Be2 Nd7 78. Kc4 Kc6 79. Kc3
Nb6 80. Bd3 Nc8 81. Be2 Nd6 82. Bd3 Kd7 83. Kd2 Ke6 84. Ke2 c4 85. Bb1 Nb5 86.
Ke3 Nc3 87. Bc2 Ke5 88. Kf3 Nb5 89. Ke3 Nd4 0-1

[Event "22nd Abu Dhabi Masters"]
[Site "Abu Dhabi UAE"]
[Date "2015.08.25"]
[Round "4.3"]
[White "Kuzubov,Y"]
[Black "Kulaots,K"]
[Result "1-0"]
[WhiteTitle "GM"]
[BlackTitle "GM"]
[WhiteElo "2638"]
[BlackElo "2573"]
[WhiteFideId "14112906"]
[BlackFideId "4500261"]
[EventDate "2015.08.23"]

1. d4 Nf6 2. c4 e6 3. g3 c5 4. d5 exd5 5. cxd5 d6 6. Nc3 g6 7. Bg2 Bg7 8. Nf3
O-O 9. O-O Re8 10. Bf4 Na6 11. Re1 Bg4 12. Nd2 Nh5 13. Be3 Nc7 14. a4 Rxe3 15.
fxe3 Qe7 16. Nc4 Nf6 17. e4 Nd7 18. h3 Bd4+ 19. Kh2 Bh5 20. Bf3 Ne5 21. Nd2 Ne8
22. Bxh5 gxh5 23. e3 Bxc3 24. bxc3 Nf6 25. Rf1 Kh8 26. Qe2 Rg8 27. Rf5 h4 28. g4
Nfd7 29. Raf1 Rg6 30. c4 Kg8 31. a5 Qd8 32. Rb1 Qxa5 33. Rxb7 Qa2 34. Qf2 Nd3
35. Qg2 N7e5 36. Nf3 Qxc4 37. Nxh4 a5 38. Rf1 h6 39. Nxg6 fxg6 40. Ra1 Qc3 41.
Rab1 Nf7 42. Rxf7 Kxf7 43. Qf3+ 1-0

[Event "22nd Abu Dhabi Masters"]
[Site "Abu Dhabi UAE"]
[Date "2015.08.25"]
[Round "4.4"]
[White "Kravtsiv,M"]
[Black "Jones,G"]
[Result "1-0"]
[WhiteTitle "GM"]
[BlackTitle "GM"]
[WhiteElo "2599"]
[BlackElo "2647"]
[WhiteFideId "14113147"]
[BlackFideId "409561"]
[EventDate "2015.08.23"]

1. e4 c5 2. Nf3 d6 3. d4 cxd4 4. Nxd4 Nf6 5. Nc3 g6 6. Be3 Bg7 7. f3 Nc6 8. Qd2
O-O 9. Bc4 Bd7 10. O-O-O Rc8 11. Bb3 Nxd4 12. Bxd4 b5 13. Nd5 Nxd5 14. Bxg7 Kxg7
15. exd5 a5 16. a3 Kg8 17. Rhe1 Rc5 18. Re3 b4 19. axb4 axb4 20. Qxb4 Qa8 21.
Bc4 Bf5 22. Ra3 Qc8 23. b3 Qc7 24. Qd2 Rb8 25. Qd4 Qb6 26. Ra2 Qb4 27. g4 Bc8
28. Ra7 Rb7 29. Ra4 Qb6 30. b4 Rcc7 31. Ba6 Rb8 32. Qxb6 Rxb6 33. Bxc8 Rxc8 34.
Kb2 e6 35. c3 Rc4 36. Ra8+ Kg7 37. dxe6 fxe6 38. Ra7+ Kf6 39. Rxh7 d5 40. h4
Rbc6 41. Rd3 d4 42. cxd4 g5 43. hxg5+ Kxg5 44. Kb3 Kf4 45. Rh5 1-0

[Event "22nd Abu Dhabi Masters"]
[Site "Abu Dhabi UAE"]
[Date "2015.08.25"]
[Round "4.5"]
[White "Iturrizaga,E"]
[Black "Papp,Ga"]
[Result "1-0"]
[WhiteTitle "GM"]
[BlackTitle "GM"]
[WhiteElo "2625"]
[BlackElo "2601"]
[WhiteFideId "3901211"]
[BlackFideId "718602"]
[EventDate "2015.08.23"]

1. Nf3 Nf6 2. c4 c5 3. g3 g6 4. Bg2 Bg7 5. O-O O-O 6. d4 cxd4 7. Nxd4 Nc6 8. Nc3
Qa5 9. Nc2 d6 10. Bd2 Qh5 11. e4 Bg4 12. f3 Bd7 13. b3 a6 14. a4 Rfc8 15. Rb1
Qa5 16. Qe2 Qd8 17. Rfc1 Rab8 18. Kh1 h5 19. h3 Kh7 20. f4 Kg8 21. Qd3 Kh7 22.
Be3 Na5 23. Nd4 Nc6 24. Nc2 Na5 25. Nb4 Be8 26. Qd2 Nc6 27. Nd3 e6 28. Rd1 Qe7
29. c5 d5 30. exd5 exd5 31. Re1 Qd8 32. Bf2 Bd7 33. Ne5 Nxe5 34. fxe5 Ne4 35.
Nxe4 dxe4 36. Qf4 Qe7 37. Rbd1 Re8 38. Qxe4 Bc6 39. Qc4 Rbc8 40. e6 fxe6 41. Rd6
Qf7 42. Kg1 Bxg2 43. Kxg2 Rf8 44. Qf4 Qxf4 45. gxf4 Rxf4 46. Rexe6 Rcf8 47. Be3
Rf3 48. Rd7 Kh8 49. Ree7 Bc3 50. Re8 Rxe8 51. Kxf3 Rb8 52. Ke4 Bf6 53. Kd5 Kg8
54. b4 g5 55. Ke6 Bc3 56. Bxg5 Bxb4 57. Be7 Re8 58. Rc7 Kg7 59. Kd5 b5 60. cxb6
Bxe7 61. b7 Rd8+ 62. Ke4 1-0

[Event "22nd Abu Dhabi Masters"]
[Site "Abu Dhabi UAE"]
[Date "2015.08.25"]
[Round "4.6"]
[White "Vovk,Y"]
[Black "Esen,B"]
[Result "1/2-1/2"]
[WhiteTitle "GM"]
[BlackTitle "GM"]
[WhiteElo "2624"]
[BlackElo "2567"]
[WhiteFideId "14113171"]
[BlackFideId "6302114"]
[EventDate "2015.08.23"]

1. d4 Nf6 2. c4 e6 3. Nf3 c5 4. d5 d6 5. Nc3 exd5 6. cxd5 g6 7. Nd2 Bg7 8. e4
O-O 9. Be2 Re8 10. O-O Na6 11. f3 Nc7 12. a4 b6 13. Nc4 Ba6 14. Bg5 Qd7 15. Kh1
h6 16. Be3 Qe7 17. Qd2 Kh7 18. b3 Rad8 19. Rae1 Bc8 20. Bd3 Qf8 21. Bf2 Qh8 22.
Bh4 Nh5 23. Ne2 Bf6 24. Bf2 Bg5 25. f4 Be7 26. b4 f5 27. bxc5 bxc5 28. Qa5 fxe4
29. Bxe4 Nf6 30. Nc3 Rd7 31. Bf3 Bd8 32. Nb5 Nxb5 33. Qxb5 Bb7 34. Rxe8 Qxe8 35.
Nxd6 Rxd6 36. Qxb7+ Rd7 37. Qc6 Rc7 38. Qa6 Ne4 39. Be1 Rf7 40. g3 h5 41. Qc6
Re7 42. Kg2 Bc7 43. f5 gxf5 44. Bxe4 Qxc6 45. Bxf5+ Qg6 46. Bxg6+ Kxg6 47. Bc3
Re2+ 48. Rf2 Rxf2+ 49. Kxf2 Kf5 50. Kf3 Be5 51. Bd2 c4 52. h3 Bb2 53. Be3 a6 54.
Ke2 Ke5 55. g4 hxg4 56. hxg4 Kxd5 57. Kd2 Ke4 58. Bh6 Bd4 59. Kc2 Kd5 60. Bd2
Ke6 61. Bc3 Be3 62. Bh8 Kd5 63. Kc3 Bf4 64. Bf6 Kc5 65. Bd4+ Kd5 66. Bf2 Bg5 67.
Be1 Kc5 68. Bd2 Bf6+ 69. Kc2 Be7 70. Bc3 Bg5 71. Bd2 1/2-1/2